[Event "Titled Tuesday intern op 26th Sep Late"]
[Site "Chess.com INT"]
[Date "2023.09.26"]
[Round "8"]
[White "Romanchuk, Viktor"]
[Black "Idnani, Taran"]
[Result "1-0"]
[WhiteElo "2266"]
[BlackElo "1988"]
[PlyCount "43"]
[EventDate "2023.09.26"]
[EventType "swiss (blitz)"]
[EventRounds "11"]
[EventCountry "USA"]
[SourceTitle "EXT 2024"]
[Source "ChessBase"]
[SourceDate "2023.10.10"]
[SourceVersion "1"]
[SourceVersionDate "2023.10.10"]
[SourceQuality "1"]

1. d4 Nf6 2. c4 c5 3. Nf3 cxd4 4. Nxd4 Nc6 5. g3 g6 6. Bg2 Bg7 7. 0-0 0-0 8. Nc3 a6 9. c5 Nxd4 10. Qxd4 d6 11. cxd6 Qxd6 12. Qxd6 exd6 13. Bf4 Bg4 14. Bxd6 Rfd8 15. Bf4 Nh5 16. Bg5 f6 17. Be3 Bc8 18. Rfd1 Rxd1+ 19. Rxd1 f5 20. Rd8+ Kf7 21. Nd5 Bxb2 22. Nb6 1-0

[Event "Titled Tuesday intern op 26th Sep Late"]
[Site "Chess.com INT"]
[Date "2023.09.26"]
[Round "7"]
[White "Venkatesan, Kavin"]
[Black "Idnani, Taran"]
[Result "0-1"]
[WhiteElo "2313"]
[BlackElo "1988"]
[PlyCount "72"]
[EventDate "2023.09.26"]
[EventType "swiss (blitz)"]
[EventRounds "11"]
[EventCountry "USA"]
[SourceTitle "EXT 2024"]
[Source "ChessBase"]
[SourceDate "2023.10.10"]
[SourceVersion "1"]
[SourceVersionDate "2023.10.10"]
[SourceQuality "1"]

1. d4 Nf6 2. c4 c5 3. d5 b5 4. cxb5 a6 5. e3 d6 6. Nc3 g6 7. a4 Bg7 8. e4 0-0 9. Nf3 axb5 10. Bxb5 Ba6 11. Bd2 Qb6 12. 0-0 Nbd7 13. Re1 Bxb5 14. axb5 Ng4 15. Qe2 Rfb8 16. h3 Nge5 17. Nxe5 Bxe5 18. f4 Bg7 19. Kh1 Nf6 20. Ra6 Rxa6 21. bxa6 Qxb2 22. Rb1 Qxb1+ 23. Nxb1 Rxb1+ 24. Kh2 Ra1 25. Bc3 Ra3 26. Bxf6 Bxf6 27. Qb5 c4 28. Qxc4 Kg7 29. Qb5 Bd4 30. Qb4 Rd3 31. Qa4 Ba7 32. Qd7 Bd4 33. Qxe7 h5 34. Qxd6 h4 35. f5 Bf2 36. a7 Bg3+ 0-1

[Event "Titled Tuesday intern op 19th Sep Late"]
[Site "Chess.com INT"]
[Date "2023.09.19"]
[Round "3"]
[White "Goryachkina, Aleksandra"]
[Black "Idnani, Taran"]
[Result "1/2-1/2"]
[WhiteElo "2558"]
[BlackElo "1988"]
[PlyCount "60"]
[EventDate "2023.09.19"]
[EventType "swiss (blitz)"]
[EventRounds "11"]
[EventCountry "USA"]
[SourceTitle "EXT 2024"]
[Source "ChessBase"]
[SourceDate "2023.10.10"]
[SourceVersion "1"]
[SourceVersionDate "2023.10.10"]
[SourceQuality "1"]

1. e4 c6 2. d4 d5 3. e5 c5 4. Nf3 cxd4 5. Qxd4 Nc6 6. Qf4 e6 7. Bd3 Bd7 8. 0-0 Be7 9. Qg3 g6 10. Be3 Qc7 11. Nbd2 h5 12. a3 Nh6 13. Bxh6 Rxh6 14. Qf4 Rh8 15. c4 g5 16. Nxg5 Bxg5 17. Qxg5 Qxe5 18. Qh4 Qxb2 19. cxd5 Qxd2 20. dxc6 Bxc6 21. Rad1 Qa5 22. Rfe1 Rg8 23. Bf1 Qg5 24. Qh3 Qg4 25. Qd3 Bxg2 26. Qd7+ Kf8 27. Qd6+ Ke8 28. Qd7+ Kf8 29. Qd6+ Ke8 30. Qd7+ Kf8 1/2-1/2

[Event "Titled Tuesday intern op 19th Sep Late"]
[Site "Chess.com INT"]
[Date "2023.09.19"]
[Round "8"]
[White "Idnani, Taran"]
[Black "Gruzman, Ilya"]
[Result "1-0"]
[WhiteElo "1988"]
[BlackElo "2151"]
[PlyCount "125"]
[EventDate "2023.09.19"]
[EventType "swiss (blitz)"]
[EventRounds "11"]
[EventCountry "USA"]
[SourceTitle "EXT 2024"]
[Source "ChessBase"]
[SourceDate "2023.10.10"]
[SourceVersion "1"]
[SourceVersionDate "2023.10.10"]
[SourceQuality "1"]

1. e4 c5 2. Nf3 e6 3. g3 d5 4. exd5 exd5 5. Bg2 d4 6. 0-0 Nc6 7. c4 Be7 8. d3 Nf6 9. a3 0-0 10. b4 cxb4 11. axb4 Bxb4 12. Bb2 Bf5 13. Qb3 a5 14. Na3 Bxa3 15. Bxa3 Nb4 16. Bxb4 axb4 17. Rxa8 Qxa8 18. Nxd4 Bg6 19. Qxb4 Bxd3 20. Rd1 Rd8 21. Bxb7 Qa2 22. Rxd3 Rxd4 23. Rxd4 Qa1+ 24. Kg2 Qxd4 25. Bd5 h5 26. Qb8+ Kh7 27. Qf4 Qc5 28. Bxf7 Ng4 29. Bd5 Nf6 30. Qe3 Qd6 31. Be4+ Kh8 32. c5 Qe5 33. Bf3 Qc7 34. c6 h4 35. Qb3 Qc8 36. gxh4 Qc7 37. Qb7 Ne8 38. Qxc7 Nxc7 39. Kg3 Kh7 40. Kf4 Kg6 41. Ke5 Kh6 42. Kd6 Nb5+ 43. Kd7 g5 44. hxg5+ Kxg5 45. c7 Nxc7 46. Kxc7 Kf4 47. Bc6 Kg5 48. f3 Kh4 49. Kd6 Kg5 50. Ke5 Kh4 51. f4 Kh5 52. f5 Kh4 53. f6 Kh5 54. Ke6 Kh6 55. f7 Kh7 56. Ke7 Kg6 57. f8Q Kh7 58. Qf6 Kg8 59. Kd6 Kh7 60. Qg5 Kh8 61. Ke7 Kh7 62. Kf7 Kh8 63. Qh6# 1-0

[Event "Titled Tuesday intern op 19th Sep Late"]
[Site "Chess.com INT"]
[Date "2023.09.19"]
[Round "7"]
[White "Pinheiro, Iung Alicio"]
[Black "Idnani, Taran"]
[Result "1-0"]
[WhiteElo "2306"]
[BlackElo "1988"]
[PlyCount "49"]
[EventDate "2023.09.19"]
[EventType "swiss (blitz)"]
[EventRounds "11"]
[EventCountry "USA"]
[SourceTitle "EXT 2024"]
[Source "ChessBase"]
[SourceDate "2023.10.10"]
[SourceVersion "1"]
[SourceVersionDate "2023.10.10"]
[SourceQuality "1"]

1. d4 Nf6 2. Nf3 g6 3. Bg5 Bg7 4. Nbd2 d5 5. e3 0-0 6. Be2 c5 7. dxc5 Qa5 8. 0-0 Qxc5 9. c4 dxc4 10. Bxc4 Bg4 11. Rc1 Qa5 12. Qb3 Qb6 13. Ne5 Qxb3 14. Nxb3 Bf5 15. Na5 b6 16. Nb3 Nbd7 17. Nc6 Rfe8 18. Nbd4 Be4 19. f3 Bd5 20. Bxd5 Nxd5 21. e4 N5f6 22. Nb5 Rac8 23. Nxe7+ Rxe7 24. Rxc8+ Re8 25. Rfc1 1-0

[Event "Titled Tuesday intern op 19th Sep Late"]
[Site "Chess.com INT"]
[Date "2023.09.19"]
[Round "1"]
[White "Shuvalova, Polina"]
[Black "Idnani, Taran"]
[Result "1/2-1/2"]
[WhiteElo "2506"]
[BlackElo "1988"]
[PlyCount "171"]
[EventDate "2023.09.19"]
[EventType "swiss (blitz)"]
[EventRounds "11"]
[EventCountry "USA"]
[SourceTitle "EXT 2024"]
[Source "ChessBase"]
[SourceDate "2023.10.10"]
[SourceVersion "1"]
[SourceVersionDate "2023.10.10"]
[SourceQuality "1"]

1. c4 Nf6 2. b3 g6 3. Bb2 Bg7 4. Nf3 0-0 5. g3 d5 6. Bg2 c5 7. cxd5 Nxd5 8. Bxg7 Kxg7 9. 0-0 Nc6 10. d4 cxd4 11. Nxd4 Nxd4 12. Qxd4+ Nf6 13. Rd1 Bg4 14. Nc3 Qa5 15. h3 Rfd8 16. Qe3 Be6 17. Bxb7 Rab8 18. Bg2 Rxd1+ 19. Rxd1 Rc8 20. Na4 Rc2 21. g4 h6 22. Bf3 Rxa2 23. Nc5 Qb6 24. Nxe6+ Qxe6 25. Qxe6 fxe6 26. Rd4 a5 27. e3 Rb2 28. Ra4 Rxb3 29. Rxa5 g5 30. Kg2 Rb2 31. Ra6 Kf7 32. Ra8 Nd7 33. Be4 Nc5 34. Kf3 Nxe4 35. Kxe4 Rxf2 36. Rh8 Kg7 37. Re8 Rh2 38. Rxe7+ Kf6 39. Re8 Rxh3 40. Rf8+ Kg7 41. Re8 Kf7 42. Rh8 Rh4 43. Kf3 Kg7 44. Re8 Rh3+ 45. Kf2 Kf6 46. Ra8 h5 47. gxh5 Rxh5 48. Rf8+ Ke5 49. Rg8 Kf6 50. Rf8+ Kg7 51. Ra8 Rh6 52. Ra7+ Kf6 53. Ra8 Rg6 54. Kg3 Ke5 55. Kf2 Rf6+ 56. Ke2 g4 57. Rg8 Kf5 58. Kf2 Rg6 59. Rf8+ Ke4 60. Rf4+ Ke5 61. Ra4 Rf6+ 62. Ke2 Kf5 63. Ra8 e5 64. Kf2 Ke4+ 65. Ke2 g3 66. Ra4+ Kd5 67. Rg4 Rf2+ 68. Ke1 Ra2 69. Rxg3 Ke4 70. Rh3 Kd3 71. e4+ Kxe4 72. Rb3 Kf4 73. Rc3 e4 74. Rb3 Rh2 75. Ra3 Rg2 76. Rb3 Rg6 77. Ra3 Rd6 78. Rb3 e3 79. Rb8 Rf6 80. Rc8 Kf3 81. Rb8 Rf4 82. Rc8 e2 83. Re8 Rh4 84. Rf8+ Rf4 85. Rxf4+ Kxf4 86. Kxe2 1/2-1/2

[Event "Titled Tuesday intern op 12th Sep Late"]
[Site "Chess.com INT"]
[Date "2023.09.12"]
[Round "5"]
[White "Osmonbekov, Talaibek D"]
[Black "Idnani, Taran"]
[Result "0-1"]
[WhiteElo "2137"]
[BlackElo "1988"]
[PlyCount "32"]
[EventDate "2023.09.12"]
[EventType "swiss (blitz)"]
[EventRounds "11"]
[EventCountry "USA"]
[SourceTitle "EXT 2024"]
[Source "ChessBase"]
[SourceDate "2023.10.10"]
[SourceVersion "1"]
[SourceVersionDate "2023.10.10"]
[SourceQuality "1"]

1. d4 Nf6 2. Nc3 d5 3. Bf4 g6 4. e3 Bg7 5. Nf3 0-0 6. Ne5 c5 7. h4 h5 8. f3 Nc6 9. Qd2 Qb6 10. 0-0-0 Bf5 11. g4 hxg4 12. fxg4 Nxg4 13. Nxg4 Bxg4 14. Be2 cxd4 15. Nxd5 dxe3 16. Bxe3 Qxb2# 0-1

[Event "Titled Tuesday intern op 05th Sep Early"]
[Site "Chess.com INT"]
[Date "2023.09.05"]
[Round "5"]
[White "Cervantes Landeiro, Thalia"]
[Black "Idnani, Taran"]
[Result "1-0"]
[WhiteElo "2303"]
[BlackElo "1988"]
[PlyCount "47"]
[EventDate "2023.09.05"]
[EventType "swiss (blitz)"]
[EventRounds "11"]
[EventCountry "USA"]
[SourceTitle "EXT 2024"]
[Source "ChessBase"]
[SourceDate "2023.10.10"]
[SourceVersion "1"]
[SourceVersionDate "2023.10.10"]
[SourceQuality "1"]

1. d4 Nf6 2. c4 c5 3. d5 b5 4. cxb5 a6 5. bxa6 d6 6. Nc3 g6 7. Nf3 Bg7 8. e4 0-0 9. Be2 Bxa6 10. 0-0 Qb6 11. a4 Bxe2 12. Qxe2 Na6 13. Nd2 Rfb8 14. Nb5 Nc7 15. Nc4 Qb7 16. Nxc7 Qxc7 17. Bd2 Qb7 18. Bc3 Qa6 19. Rfe1 Nd7 20. Bxg7 Kxg7 21. Qc2 Rb4 22. b3 Nb6 23. Na3 c4 24. Qc3+ 1-0

[Event "Titled Tuesday intern op 05th Sep Late"]
[Site "Chess.com INT"]
[Date "2023.09.05"]
[Round "8"]
[White "Garrido Diaz, Jose Antonio"]
[Black "Idnani, Taran"]
[Result "0-1"]
[WhiteElo "2321"]
[BlackElo "1988"]
[PlyCount "152"]
[EventDate "2023.09.05"]
[EventType "swiss (blitz)"]
[EventRounds "11"]
[EventCountry "USA"]
[SourceTitle "EXT 2024"]
[Source "ChessBase"]
[SourceDate "2023.10.10"]
[SourceVersion "1"]
[SourceVersionDate "2023.10.10"]
[SourceQuality "1"]

1. e4 c6 2. d4 d5 3. e5 c5 4. c3 cxd4 5. cxd4 Nc6 6. Nf3 Bf5 7. Bd3 Bxd3 8. Qxd3 e6 9. Nc3 Bb4 10. 0-0 Nge7 11. h4 Qb6 12. Be3 Nf5 13. Rac1 Be7 14. g3 Nb4 15. Qb5+ Qxb5 16. Nxb5 0-0 17. Rc7 a6 18. Na3 Nd3 19. Rb1 b5 20. Bd2 Rfc8 21. Rb7 b4 22. g4 bxa3 23. gxf5 axb2 24. Rxe7 exf5 25. Rb7 Rc1+ 26. Bxc1 bxc1Q+ 27. Rxc1 Nxc1 28. Ng5 Ne2+ 29. Kf1 Nxd4 30. Nxf7 Re8 31. h5 Nc6 32. Nd6 Rb8 33. Rxb8+ Nxb8 34. Nxf5 Kf7 35. f4 g6 36. Nd6+ Ke6 37. h6 Nc6 38. Ke2 Nd4+ 39. Kd3 Nf5 40. Nb7 Nxh6 41. Nd8+ Kf5 42. Ke3 Ng4+ 43. Kf3 g5 44. e6 gxf4 45. e7 Nf6 46. Nf7 Ke6 47. Ng5+ Kxe7 48. Kxf4 h5 49. Kf5 Ne4 50. Nf3 Kd6 51. Kf4 Nc3 52. Ke3 Nxa2 53. Kd4 Nb4 54. Nh4 Nc6+ 55. Kd3 Ne5+ 56. Kd4 Nc6+ 57. Kd3 Ke5 58. Ng6+ Kf5 59. Nh4+ Kg4 60. Ng6 Kg5 61. Nf8 h4 62. Nd7 h3 63. Ke2 Kg4 64. Kf2 a5 65. Nf6+ Kf4 66. Nxd5+ Ke4 67. Nb6 Ne5 68. Kg3 Kd4 69. Kxh3 Kc5 70. Na4+ Kb4 71. Nb2 Kb3 72. Nd1 a4 73. Nf2 a3 74. Ne4 a2 75. Nd2+ Kc2 76. Nf3 Nxf3 0-1

[Event "Titled Tuesday intern op 05th Sep Early"]
[Site "Chess.com INT"]
[Date "2023.09.05"]
[Round "9"]
[White "Idnani, Taran"]
[Black "Aghasiyev, Kamal"]
[Result "0-1"]
[WhiteElo "1988"]
[BlackElo "2441"]
[PlyCount "69"]
[EventDate "2023.09.05"]
[EventType "swiss (blitz)"]
[EventRounds "11"]
[EventCountry "USA"]
[SourceTitle "EXT 2024"]
[Source "ChessBase"]
[SourceDate "2023.10.10"]
[SourceVersion "1"]
[SourceVersionDate "2023.10.10"]
[SourceQuality "1"]

1. e4 e5 2. Nf3 Nc6 3. d4 exd4 4. Nxd4 Bc5 5. Nxc6 Qf6 6. Qf3 bxc6 7. Nc3 Qxf3 8. gxf3 Ne7 9. Be3 Bb6 10. 0-0-0 d6 11. Bc4 Be6 12. Bb3 Bxb3 13. axb3 f5 14. Rhg1 0-0 15. f4 fxe4 16. Nxe4 Bxe3+ 17. fxe3 Nf5 18. Ng5 Nxe3 19. Rde1 Rae8 20. Kd2 Nd5 21. Ne6 Rf7 22. f5 Nf6 23. c4 d5 24. Kd3 Ne4 25. Kd4 Nd6 26. cxd5 Nxf5+ 27. Kc5 cxd5 28. Kxd5 Rd7+ 29. Kc4 Rde7 30. Kd5 c6+ 31. Kxc6 Rxe6+ 32. Rxe6 Rxe6+ 33. Kb7 Rb6+ 34. Kxa7 Rxb3 35. Rf1 0-1

[Event "Titled Tuesday intern op 05th Sep Late"]
[Site "Chess.com INT"]
[Date "2023.09.05"]
[Round "2"]
[White "Idnani, Taran"]
[Black "Pert, Richard G"]
[Result "1-0"]
[WhiteElo "1988"]
[BlackElo "2410"]
[PlyCount "75"]
[EventDate "2023.09.05"]
[EventType "swiss (blitz)"]
[EventRounds "11"]
[EventCountry "USA"]
[SourceTitle "EXT 2024"]
[Source "ChessBase"]
[SourceDate "2023.10.10"]
[SourceVersion "1"]
[SourceVersionDate "2023.10.10"]
[SourceQuality "1"]

1. e4 c5 2. Nf3 d6 3. d4 cxd4 4. Qxd4 Nc6 5. Bb5 Bd7 6. Bxc6 Bxc6 7. c4 Nf6 8. Nc3 g6 9. 0-0 Bg7 10. Qd3 0-0 11. h3 Rc8 12. Be3 a6 13. b3 Qa5 14. Nd4 Nd7 15. Nd5 Rfe8 16. Rfd1 Nc5 17. Qc2 Qd8 18. Rac1 Bd7 19. a4 e6 20. Nc3 a5 21. Ndb5 Bxb5 22. Nxb5 Rc6 23. Bxc5 Rxc5 24. Nxd6 Be5 25. Nxb7 Qc7 26. Nxc5 Qxc5 27. Qd2 Rb8 28. g3 Rxb3 29. Kg2 Rb2 30. Qd8+ Kg7 31. Rd2 Bf6 32. Qd6 Qg5 33. Rxb2 Qxc1 34. Rb8 g5 35. Qf8+ Kg6 36. Rb7 Qc3 37. Qxf7+ Kh6 38. Qxh7# 1-0

[Event "Titled Tuesday intern op 05th Sep Early"]
[Site "Chess.com INT"]
[Date "2023.09.05"]
[Round "3"]
[White "Idnani, Taran"]
[Black "Saya, Ethan"]
[Result "0-1"]
[WhiteElo "1988"]
[BlackElo "2265"]
[PlyCount "106"]
[EventDate "2023.09.05"]
[EventType "swiss (blitz)"]
[EventRounds "11"]
[EventCountry "USA"]
[SourceTitle "EXT 2024"]
[Source "ChessBase"]
[SourceDate "2023.10.10"]
[SourceVersion "1"]
[SourceVersionDate "2023.10.10"]
[SourceQuality "1"]

1. e4 e6 2. d4 d5 3. Nd2 c5 4. exd5 Qxd5 5. dxc5 Bxc5 6. Ngf3 Nf6 7. Bc4 Qc6 8. Qe2 0-0 9. 0-0 Bd7 10. c3 Qc7 11. a4 Nc6 12. Ne4 Be7 13. Bd3 Ne5 14. Bf4 Nxf3+ 15. Qxf3 Qc6 16. Bb5 Qxe4 17. Qxe4 Nxe4 18. Bxd7 a6 19. a5 Nc5 20. Ba4 Nxa4 21. Rxa4 Rfd8 22. h3 Rd5 23. Rc4 Bf6 24. Rc7 Rb5 25. b4 h6 26. Rd1 b6 27. axb6 Rxb6 28. Rdd7 a5 29. Be3 Rb5 30. bxa5 Rb1+ 31. Kh2 Be5+ 32. g3 Bxc7 33. Rxc7 Rxa5 34. c4 f6 35. Re7 e5 36. c5 Ra6 37. h4 Rb2 38. Kh3 Rc2 39. Kg4 Kh7 40. h5 Rc6 41. Kf5 R2xc5 42. Bxc5 Rxc5 43. Kg4 Rc3 44. f4 exf4 45. Kxf4 Rc5 46. g4 Rg5 47. Ra7 Kg8 48. Rb7 Kf8 49. Ra7 Ke8 50. Rb7 Kf8 51. Ra7 f5 52. Ra5 Rxg4+ 53. Kxf5 Rg5+ 0-1

[Event "Titled Tuesday intern op 14th Dec"]
[Site "Chess.com INT"]
[Date "2021.12.14"]
[Round "1"]
[White "Idnani, Taran"]
[Black "Pakleza, Zbigniew"]
[Result "0-1"]
[WhiteElo "1988"]
[BlackElo "2489"]
[PlyCount "118"]
[EventDate "2021.12.14"]
[EventType "swiss (blitz)"]
[EventRounds "11"]
[EventCountry "USA"]
[SourceTitle "EXT 2023"]
[Source "ChessBase"]
[SourceDate "2022.10.05"]
[SourceVersion "1"]
[SourceVersionDate "2022.10.05"]
[SourceQuality "1"]

1. e4 d6 2. d4 Nf6 3. Nc3 c6 4. Nf3 Bg4 5. h3 Bh5 6. Be3 e6 7. Be2 d5 8. e5 Nfd7 9. Qd2 Be7 10. 0-0-0 c5 11. g4 Bg6 12. h4 h5 13. Ng5 cxd4 14. Bxd4 Nc6 15. f4 Nxd4 16. Qxd4 Bc5 17. Qd2 Qb6 18. Rh3 hxg4 19. Bxg4 Bh5 20. Bxh5 Rxh5 21. Na4 Qb4 22. Qxb4 Bxb4 23. Rb3 a5 24. c3 b5 25. Nb6 Nxb6 26. cxb4 axb4 27. Rxb4 Rxh4 28. Rxb5 Nc4 29. b3 Ne3 30. Re1 Rxa2 31. Nf3 Rxf4 32. Rxe3 g5 33. Kb1 Rg2 34. Rc5 g4 35. Ne1 Rg1 36. Rc1 g3 37. Nf3 Rxc1+ 38. Kxc1 g2 39. Re2 Rxf3 40. Rxg2 Rxb3 41. Kc2 Re3 42. Rg5 Re4 43. Kd3 Ke7 44. Rh5 Kf8 45. Rg5 Ke8 46. Rh5 Ke7 47. Rg5 Kd7 48. Rg7 Rf4 49. Rh7 Rf5 50. Kd4 Ke7 51. Rg7 Rf4+ 52. Kc5 Rh4 53. Rg5 Rc4+ 54. Kb6 Rc1 55. Kb5 d4 56. Rg4 Re1 57. Rg5 d3 58. Rg3 d2 59. Kc4 d1Q 0-1

[Event "Titled Tuesday intern op 06th July"]
[Site "Chess.com INT"]
[Date "2021.07.06"]
[Round "3"]
[White "Idnani, Taran"]
[Black "Shapiro, Daniel E"]
[Result "0-1"]
[WhiteElo "1988"]
[BlackElo "2284"]
[PlyCount "56"]
[EventDate "2021.07.06"]
[EventType "swiss (blitz)"]
[EventRounds "11"]
[EventCountry "USA"]
[SourceTitle "EXT 2022"]
[Source "ChessBase"]
[SourceDate "2021.10.06"]
[SourceVersion "1"]
[SourceVersionDate "2021.10.06"]
[SourceQuality "1"]

1. e4 d5 2. exd5 Qxd5 3. Nc3 Qd8 4. Nf3 Nf6 5. Bc4 a6 6. d4 b5 7. Bb3 c5 8. dxc5 Qxd1+ 9. Nxd1 e6 10. Be3 Bb7 11. 0-0 Nbd7 12. Nd4 Nxc5 13. Nc3 Be7 14. Rad1 0-0 15. a4 b4 16. Nce2 Rac8 17. Bd2 Nxb3 18. cxb3 Rfd8 19. Be3 Ng4 20. h3 Nxe3 21. fxe3 Bg5 22. Kf2 g6 23. Rc1 Bf6 24. g4 h6 25. Rfd1 Kg7 26. a5 Bh4+ 27. Kf1 e5 28. Rxc8 Bxc8 0-1

[Event "Titled Tuesday intern op 06th July"]
[Site "Chess.com INT"]
[Date "2021.07.06"]
[Round "4"]
[White "Sailer, Mike L"]
[Black "Idnani, Taran"]
[Result "0-1"]
[WhiteElo "2109"]
[BlackElo "1988"]
[PlyCount "100"]
[EventDate "2021.07.06"]
[EventType "swiss (blitz)"]
[EventRounds "11"]
[EventCountry "USA"]
[SourceTitle "EXT 2022"]
[Source "ChessBase"]
[SourceDate "2021.10.06"]
[SourceVersion "1"]
[SourceVersionDate "2021.10.06"]
[SourceQuality "1"]

1. d4 Nf6 2. Nf3 g6 3. Bf4 Bg7 4. e3 0-0 5. Be2 d6 6. 0-0 Nbd7 7. h3 b6 8. c4 Bb7 9. Nc3 c5 10. a4 Ne4 11. a5 Ndf6 12. a6 Nxc3 13. bxc3 Bc8 14. Bd3 Nd7 15. Be4 Rb8 16. Bc6 Qc7 17. Bb5 Rd8 18. Qa4 Nf8 19. e4 e5 20. Bg5 f6 21. Be3 Bd7 22. Rfd1 f5 23. Bg5 Re8 24. exf5 Bxb5 25. Qxb5 gxf5 26. dxe5 dxe5 27. Rd5 e4 28. Nh4 h6 29. Bd2 Rbd8 30. Nxf5 Rd7 31. Nxg7 Kxg7 32. Re1 Ree7 33. Re3 Rxd5 34. cxd5 Qd7 35. Rg3+ Kh7 36. Qc4 Qf5 37. Be3 Ng6 38. Qb5 Qxd5 39. c4 Qd7 40. Qb2 Ne5 41. Qe2 Qf5 42. Qb2 Nd3 43. Qc3 Qe5 44. Qd2 Qf6 45. Qe2 Ne5 46. Qd2 Rd7 47. Qc2 Nd3 48. Qe2 Nf4 49. Bxf4 Qxf4 50. Qb2 e3 0-1

[Event "Windsor NAYCC U12"]
[Site "Windsor"]
[Date "2016.08.09"]
[Round "5.89"]
[White "Idnani, Taran"]
[Black "Tanaka, Taira Tyler"]
[Result "1/2-1/2"]
[WhiteElo "1826"]
[BlackElo "1620"]
[PlyCount "55"]
[EventDate "2016.08.07"]
[EventType "swiss"]
[EventRounds "9"]
[EventCountry "CAN"]
[SourceTitle "EXT 2022"]
[Source "ChessBase"]
[SourceDate "2021.10.06"]
[SourceVersion "1"]
[SourceVersionDate "2021.10.06"]
[SourceQuality "1"]

1. Nf3 Nf6 2. g3 g6 3. Bg2 Bg7 4. c4 c5 5. 0-0 0-0 6. Nc3 d6 7. d4 Nbd7 8. b3 a6 9. Bb2 Qc7 10. Qc2 e5 11. dxe5 Nxe5 12. e4 Bg4 13. Nxe5 dxe5 14. f3 Be6 15. Nd5 Bxd5 16. cxd5 Rac8 17. Rfd1 Ne8 18. Bh3 Rd8 19. Ba3 b6 20. b4 c4 21. Bb2 b5 22. Bc3 Nd6 23. Rf1 f5 24. Rae1 Rde8 25. Qb2 Nc8 26. Qc2 Nd6 27. Qb2 Nc8 28. Qc2 1/2-1/2

[Event "North American-ch U20"]
[Site "Kitchener"]
[Date "2015.07.29"]
[Round "7"]
[White "Ghatti, Sanjay"]
[Black "Idnani, Taran"]
[Result "1-0"]
[WhiteElo "2182"]
[BlackElo "1967"]
[PlyCount "143"]
[EventDate "2015.07.26"]
[EventType "swiss"]
[EventRounds "9"]
[EventCountry "CAN"]
[SourceTitle "EXT 2019"]
[Source "ChessBase"]
[SourceDate "2018.10.10"]
[SourceVersion "1"]
[SourceVersionDate "2018.10.10"]
[SourceQuality "1"]

1. e4 c6 2. d4 d5 3. e5 Bf5 4. h4 h5 5. c4 e6 6. Nc3 Nd7 7. cxd5 exd5 8. Nge2 Ne7 9. Ng3 Bg6 10. Be2 Nf5 11. Nxf5 Bxf5 12. Bg5 Be7 13. Qb3 Qb6 14. Bxe7 Qxb3 15. axb3 Kxe7 16. b4 a6 17. Kd2 g6 18. Na4 b5 19. Nc3 Rhc8 20. Rhc1 Nb6 21. b3 Kd7 22. Nd1 Kc7 23. Ne3 Be6 24. g3 Kb7 25. f4 Nd7 26. Rf1 f5 27. Rfc1 Nb6 28. Nf1 Nd7 29. Nh2 Nf8 30. Nf3 Nh7 31. Bd3 Rc7 32. Rh1 Rg7 33. Be2 Rc7 34. Rac1 Rf7 35. Ke3 Rg7 36. Rc2 Rc7 37. Rhc1 Rac8 38. Bf1 Rb8 39. Ne1 Nf8 40. Rh2 Rbc8 41. Be2 Rf7 42. Nf3 Nh7 43. Ng5 Nxg5 44. hxg5 Rh8 45. Rch1 Rfh7 46. Rh4 Kb6 47. Bd3 Rg8 48. Bc2 Kb7 49. g4 fxg4 50. Bxg6 Rxg6 51. Rxh5 Rhg7 52. Rh6 Kb6 53. Kf2 Kb7 54. Kg3 Kb6 55. Rxg6 Rxg6 56. Rh7 Bf5 57. Rf7 Be6 58. Rf6 Rxf6 59. exf6 Kc7 60. f5 Bg8 61. g6 Kd7 62. f7 Bxf7 63. gxf7 Ke7 64. Kxg4 Kxf7 65. Kg5 Kg7 66. f6+ Kf7 67. Kf5 Kf8 68. Ke6 Ke8 69. f7+ Kf8 70. Kf6 a5 71. bxa5 c5 72. a6 1-0

[Event "North American-ch U20"]
[Site "Kitchener"]
[Date "2015.07.28"]
[Round "5"]
[White "Ming, Wenyang"]
[Black "Idnani, Taran"]
[Result "1/2-1/2"]
[WhiteElo "1834"]
[BlackElo "1967"]
[PlyCount "33"]
[EventDate "2015.07.26"]
[EventType "swiss"]
[EventRounds "9"]
[EventCountry "CAN"]
[SourceTitle "EXT 2019"]
[Source "ChessBase"]
[SourceDate "2018.10.10"]
[SourceVersion "1"]
[SourceVersionDate "2018.10.10"]
[SourceQuality "1"]

1. e4 c6 2. d4 d5 3. exd5 cxd5 4. Bd3 Nc6 5. c3 Qc7 6. Ne2 e6 7. Bf4 Bd6 8. Bxd6 Qxd6 9. 0-0 Nf6 10. Nd2 0-0 11. f4 b6 12. Ng3 Bd7 13. Qe2 Ne8 14. Nf3 f5 15. a4 Nf6 16. Qe1 Ne4 17. Bb5 1/2-1/2

[Event "North American-ch U20"]
[Site "Kitchener"]
[Date "2015.07.27"]
[Round "2"]
[White "Idnani, Taran"]
[Black "Surya, Benito"]
[Result "1/2-1/2"]
[WhiteElo "1821"]
[BlackElo "1706"]
[PlyCount "89"]
[EventDate "2015.07.26"]
[EventType "swiss"]
[EventRounds "9"]
[EventCountry "CAN"]
[SourceTitle "EXT 2019"]
[Source "ChessBase"]
[SourceDate "2018.10.10"]
[SourceVersion "1"]
[SourceVersionDate "2018.10.10"]
[SourceQuality "1"]

1. Nf3 d5 2. g3 Bf5 3. Bg2 Nf6 4. d4 e6 5. 0-0 Bd6 6. c4 c6 7. Qb3 Qb6 8. c5 Qxb3 9. axb3 Bc7 10. Nc3 h6 11. b4 Ne4 12. Nd2 Nxc3 13. bxc3 Nd7 14. f3 0-0 15. e4 Bh7 16. c4 Nf6 17. cxd5 cxd5 18. e5 Nd7 19. Ba3 Rfc8 20. Rfc1 a6 21. Rc3 Nxe5 22. dxe5 Bxe5 23. Rac1 Bxc3 24. Rxc3 Rc7 25. f4 Rd8 26. Bb2 Kf8 27. Nb3 Be4 28. Bf1 f5 29. Nd4 Kf7 30. b5 axb5 31. Nxb5 Rcd7 32. Nd6+ Kg8 33. Rb3 Rc7 34. Bd4 Rdd7 35. Bb5 Re7 36. Rc3 Kf8 37. Nxe4 fxe4 38. Be5 Kf7 39. Bxc7 Rxc7 40. Kf2 Kf6 41. Rc2 e5 42. fxe5+ Kxe5 43. c6 bxc6 44. Bxc6 Rf7+ 45. Ke2 1/2-1/2